Mejoramiento de los procesos de la empresa

Saved in:
Bibliografiske detaljer
Hovedforfatter: Harrington, H. James (Author)
Format: Bog
Sprog:spansk
Udgivet: Bogotá McGraw Hill 1993
Serier:Serie McGraw Hill de management
Fag:
Tags: Tilføj Tag
Ingen Tags, Vær først til at tagge denne postø!

MARC

LEADER 00000nam a2200000 a 4500
001 UCY3884
003 CL-VaPUC
008 950120e19930000CK |||||||||||||||||spa|d
082 0 4 |a 658.562  |b HAR  |2 21 
100 |a Harrington, H. James  |e author  |9 594509 
245 1 0 |a Mejoramiento de los procesos de la empresa 
300 |a 309 p 
942 |c BK 
945 |d 19950120 00:00:00  |a oaravena 
260 |a Bogotá  |b McGraw Hill  |c 1993 
650 0 |a Control de calidad   |9 259714 
650 0 |a Administración de empresas   |9 260833 
583 |a last modification  |c 19950120 00:00:00  |k Rodrigo Vera 
490 0 |a Serie McGraw Hill de management 
999 |c 231922  |d 231920 
952 |0 0  |1 0  |4 0  |6 658_562000000000000_HAR_1993  |7 0  |8 A  |9 235756  |a BIBMAT  |b BIBMAT  |d 2019-11-15  |i 3056066  |o 658.562 HAR 1993  |p 3056066  |r 2025-01-07  |w 2019-11-15  |y BK  |k MAT 
952 |0 0  |1 0  |4 0  |6 658_562000000000000_HAR_1993  |7 0  |8 A  |9 235757  |a BIBENE  |b BIBENE  |d 2019-11-15  |i 3546063  |o 658.562 HAR 1993  |p 3546063  |r 2025-01-15  |w 2019-11-15  |y BK  |k ICO